书目信息 |
| 题名: |
毛泽东评点古今诗书文章
|
|
| 作者: | 柳文郁 , 唐夫 主编 | |
| 分册: | 下 | |
| 出版信息: | 北京 红旗出版社 1998 |
|
| 页数: | 3册(41,14,1356页) | |
| 开本: | 20cm | |
| 丛书名: | ||
| 单 册: | ||
| 中图分类: | A841 , A46 | |
| 科图分类: | ||
| 主题词: | 毛泽东著作--专题汇编 | |
| 电子资源: | ||
| ISBN: | 7-5051-0242-7 | |
| 000 | 00706nam0 2200241 450 | |
| 001 | 1556373716 | |
| 005 | 20150120154011.06 | |
| 010 | @a7-5051-0242-7@dCNY25.00 | |
| 100 | @a19980824d1998 em y0chiy0110 ea | |
| 101 | 0 | @achi |
| 102 | @aCN@b110000 | |
| 105 | @af z 000yy | |
| 200 | 1 | @a毛泽东评点古今诗书文章@9mao ze dong ping dian gu jin shi shu wen zhang@h下@f柳文郁,唐夫主编 |
| 210 | @a北京@c红旗出版社@d1998 | |
| 215 | @a3册(41,14,1356页)@c照片@d20cm | |
| 300 | @a一代伟人评点圈注 | |
| 606 | 0 | @a毛泽东著作@x专题汇编 |
| 690 | @aA841@v5 | |
| 690 | @aA46@v4 | |
| 701 | 0 | @a柳文郁@9liu wen yu@4主编 |
| 701 | 0 | @a唐夫@9tang fu@4主编 |
| 801 | 0 | @aCN@bTSSF@c20150120 |
| 905 | @aZUCC@dA46@eJY11:3 | |
| 毛泽东评点古今诗书文章.下/柳文郁,唐夫主编.-北京:红旗出版社,1998 |
| 3册(41,14,1356页):照片;20cm |
| 一代伟人评点圈注 |
| ISBN 7-5051-0242-7:CNY25.00 |
| ● |
| 相关链接 |
|
|
|
|
正题名:毛泽东评点古今诗书文章
索取号:A46/JY11:3
 
预约/预借
| 序号 | 登录号 | 条形码 | 馆藏地/架位号 | 状态 | 备注 |
| 1 | 7849334 | 278493346 | 学院路分馆/ [索取号:A46/JY11:3] | 在馆 |